00987nam a2200265Ib 4500003000500000005001700005008004100022020002600063040002400089041001400113082001500127100003700142245004200179250002100221260003900242300003700281655003000318655002400348655003600372655003000408942003500438999001900473952010200492952012700594322820260121160849.0210817s9999 xx ed 000 1 AFR d a0868121444 (hardback) aMPLc3228bengerda aAfrikaans aLP AF KIEL aKielblock, Karl 986730eauthor 0aDie swaard verteer /cKarel Kielblock aGrootdrukuitgawe aPretoria :bMakro Boeke ,c©1987. a521 pages (large print) :c21 cm 09189056aAfrikaans Fiction 09198295aLarge Print 09188670aHuman Relations Fiction 09188069aReligious Fiction cBK2ddcy296zPhillipina Naude c198528d198527 00102ddc4070aMIDDLbJERELd2021-08-18oLP AF KIELp33228018091536r2021-08-18w2021-08-18yBK 00102ddc40708FaKLIPLbKLIPLcFICd2026-01-21l0oLP AF KIELp33228001788809r2026-01-21w2026-01-21yBKz61574570 323